000 00209 a2200097 4500
001 59667
100 _a
245 _aEDUCATIONAL PSYCHOLOGY
260 _aNEW DELHI
_bAPH
_c2009
090 _c36542
_d36542
942 _aNUST-CAE
_cMONOGRAPH
_c29494
999 _c294740
_d294740